Visualizzazione normale
Vista MARC
- Byfield Jack
di Personal Name
Records bibliografici associati: 1
001 - CONTROL NUMBER
- control field: 6791
003 - CONTROL NUMBER IDENTIFIER
- control field: IT-RoPau
005 - DATE AND TIME OF LATEST TRANSACTION
- control field: 20131231113318.0
008 - FIXED-LENGTH DATA ELEMENTS
- fixed length control field: 131231|| aca||aabn | a|a d
040 ## - CATALOGING SOURCE
- Original cataloging agency: IT-RoPau
- Transcribing agency: IT-RoPau
100 ## - HEADING--PERSONAL NAME
- Personal name: Byfield Jack
- Dates associated with a name: Codice autore musica SPICS: 13993
- Relator term: Autore musica
- Name of part/section of a work: Liebestraum
670 ## - SOURCE DATA FOUND
- Source citation: Work cat.: (IT-RoPau)100111: AA.VV. 794, Stereo Spectacular vol. 3 (Lp Cds 1132)